[Event "SAV Torgelow-DrÃ¶geheide 90-SC Borussia Lichtenberg"]
[Site "?"]
[Date "2024.09.08"]
[Round "3.1"]
[White "Klymenko, Mariia"]
[Black "Briese, Sophie"]
[Result "1/2-1/2"]
[WhiteElo "1435"]
[BlackElo "1356"]
[Board "1"]
[WhiteTeam "SC Borussia Lichtenberg"]
[BlackTeam "SAV Torgelow-DrÃ¶geheide 90"]
[Annotator "Rnd./Pair./Board: 03.001.01"]

1.Nf3 Nc6 2.d4 d5 3.g3 e6 4.Bg2 Nce7 5.b3 Ng6 6.Bb2 Nf6 7.Nbd2 c5 8.c4 b6 
9.Ba3 Be7 10.Rc1 cxd4 11.Bxe7 Qxe7 12.Nxd4 Bb7 13.cxd5 Nxd5 14.Nc6 Bxc6 
15.Rxc6 O-O 16.Bxd5 exd5 17.O-O Rac8 18.Rxc8 Rxc8 19.Nf3 Rc5 20.Nd4 Qe5 
21.e3 Ne7 22.Qa1 Qe4 23.Rc1 Rxc1+ 24.Qxc1 h6 25.Qc2 Qxc2 26.Nxc2 Nc6 27.
Nd4 Nxd4 28.exd4 Kf8 29.Kg2 Ke7 30.Kf3 Ke6 31.Kg4 g6 32.h4 a5 33.a4 Kf6 
34.Kf4 1/2-1/2

[Event "SAV Torgelow-DrÃ¶geheide 90-SC Borussia Lichtenberg"]
[Site "?"]
[Date "2024.09.08"]
[Round "3.2"]
[White "Subocz, Barbara"]
[Black "Szymil, Alicja"]
[Result "1-0"]
[WhiteElo "1230"]
[BlackElo "1163"]
[Board "2"]
[WhiteTeam "SAV Torgelow-DrÃ¶geheide 90"]
[BlackTeam "SC Borussia Lichtenberg"]
[Annotator "Rnd./Pair./Board: 03.001.02"]

1.e4 e6 2.d4 d5 3.exd5 exd5 4.Nf3 Nf6 5.Nc3 Bb4 6.a3 Bxc3+ 7.bxc3 O-O 8.
Be2 Re8 9.O-O Bf5 10.Rb1 b6 11.a4 Qd6 12.Ne5 Ne4 13.Bb2 Nc6 14.Nxc6 Qxc6 
15.Bb5 Qd6 16.Bxe8 Rxe8 17.Re1 Nf6 18.Rxe8+ Nxe8 19.Rc1 h6 20.Qe2 Nf6 21.
h3 Ne4 22.c4 c5 23.dxc5 Qxc5 24.cxd5 Qxd5 25.Rd1 Qa2 26.Qb5 Bg6 27.Ra1 Qe6
28.Re1 Qd6 29.Qe8+ Kh7 30.Rxe4 Bxe4 31.Qxe4+ Kg8 32.Qe8+ Kh7 33.Qxf7 Qg6 
34.Qxa7 h5 35.Bd4 h4 36.Bc3 Kh6 37.Qb7 1-0

[Event "SAV Torgelow-DrÃ¶geheide 90-SC Borussia Lichtenberg"]
[Site "?"]
[Date "2024.09.08"]
[Round "3.3"]
[White "Nuzhnaia, Daria"]
[Black "Subocz, Emma"]
[Result "0-1"]
[WhiteElo "850"]
[BlackElo "1059"]
[Board "3"]
[WhiteTeam "SC Borussia Lichtenberg"]
[BlackTeam "SAV Torgelow-DrÃ¶geheide 90"]
[Annotator "Rnd./Pair./Board: 03.001.03"]

1.e4 c5 2.Nf3 d6 3.Bb5+ Bd7 4.Bxd7+ Qxd7 5.O-O Nc6 6.Nc3 Nf6 7.d3 g6 8.Bg5
Bg7 9.h3 O-O 10.d4 cxd4 11.Nxd4 Rac8 12.Nxc6 Qxc6 13.b4 Qxc3 14.Bxf6 Bxf6 
15.a3 Qxc2 16.Qxc2 Rxc2 17.Rac1 Rfc8 18.Rxc2 Rxc2 19.Rd1 Be5 20.g3 Ra2 21.
Rd3 Bb2 22.Rd2 Ra1+ 23.Kg2 Bxa3 24.Rc2 Rc1 25.Rxc1 Bxc1 26.Kf3 b5 27.Ke2 
Ba3 28.f4 Bxb4 29.e5 a5 30.exd6 Bxd6 31.Kd3 b4 32.Kc2 a4 33.Kb2 a3+ 34.Ka2
Kg7 35.Kb3 Kf6 36.h4 Kf5 37.Ka2 Kg4 38.f5 gxf5 39.h5 Kxg3 40.h6 f4 41.Ka1 
f3 42.Ka2 f2 43.Ka1 f1=Q+ 44.Ka2 Qe2+ 45.Ka1 Qb2# 0-1

[Event "SAV Torgelow-DrÃ¶geheide 90-SC Borussia Lichtenberg"]
[Site "?"]
[Date "2024.09.08"]
[Round "3.4"]
[White "Zietz, Leni"]
[Black "Klymenko, Stefaniia"]
[Result "1-0"]
[WhiteElo "969"]
[BlackElo "600"]
[Board "4"]
[WhiteTeam "SAV Torgelow-DrÃ¶geheide 90"]
[BlackTeam "SC Borussia Lichtenberg"]
[Annotator "Rnd./Pair./Board: 03.001.04"]

1.d4 d6 2.Nf3 Nd7 3.Bf4 g6 4.e4 Ngf6 5.Nbd2 Bg7 6.Bc4 O-O 7.O-O Nh5 8.Be3 
e5 9.c3 exd4 10.Bxd4 a5 11.Re1 b6 12.e5 dxe5 13.Bxe5 Re8 14.Bxg7 Kxg7 15.
Ne4 Nc5 16.Bd5 c6 17.Bxc6 Nxe4 18.Qxd8 Rxd8 19.Bxa8 Bg4 20.Bxe4 Bxf3 21.
Bxf3 Nf4 22.Rad1 Rd3 23.Rxd3 Nxd3 24.Re2 Nf4 25.b4 Nxe2+ 26.Bxe2 Kf8 27.
bxa5 bxa5 28.c4 Ke8 29.c5 Kd8 30.c6 Kc8 31.Bc4 Kc7 32.Bd5 Kc8 33.Bxf7 Kc7 
34.Bd5 Kc8 35.h4 Kc7 36.h5 Kd6 37.Be4 gxh5 38.f4 Kc7 39.f5 Kd8 40.f6 Ke8 
41.c7 Kd7 42.f7 Kxc7 43.f8=Q Kd7 44.Qf6 Kc7 45.Qe6 Kd8 46.Qf7 Kc8 47.Qe7 
Kb8 48.Qd7 h4 49.Qb7# 1-0

[Event "Schachzwerge Magdeburg-SchVgg Blankenese von 1923"]
[Site "?"]
[Date "2024.09.08"]
[Round "3.1"]
[White "Busch, Lara Sophie"]
[Black "NÃ¶nnig, Lotte"]
[Result "1/2-1/2"]
[WhiteElo "1616"]
[BlackElo "1494"]
[Board "1"]
[WhiteTeam "SchVgg Blankenese von 1923"]
[BlackTeam "Schachzwerge Magdeburg"]
[Annotator "Rnd./Pair./Board: 03.002.01"]

1.e4 e5 2.Nf3 Nc6 3.Bc4 Bc5 4.d3 Nf6 5.c3 d6 6.O-O h6 7.h3 g5 8.Nh2 Rg8 9.
g4 h5 10.Kg2 Qd7 11.f3 Ne7 12.d4 Bb6 13.dxe5 dxe5 14.Qb3 Nc6 15.Bb5 a6 16.
Rd1 Qe6 17.Bc4 Qe7 18.Qc2 Bd7 19.b4 Nd8 20.Nd2 Ne6 1/2-1/2

[Event "Schachzwerge Magdeburg-SchVgg Blankenese von 1923"]
[Site "?"]
[Date "2024.09.08"]
[Round "3.2"]
[White "Hleizer, Ahata"]
[Black "Seyedfakhari, Elena"]
[Result "1-0"]
[WhiteElo "1299"]
[BlackElo "1071"]
[Board "2"]
[WhiteTeam "Schachzwerge Magdeburg"]
[BlackTeam "SchVgg Blankenese von 1923"]
[Annotator "Rnd./Pair./Board: 03.002.02"]

1.e4 e5 2.Nf3 Nc6 3.Nc3 Nf6 4.d4 exd4 5.Nxd4 Bb4 6.Nxc6 bxc6 7.Bd3 O-O 8.
O-O d5 9.exd5 cxd5 10.Qf3 Bg4 11.Qg3 Re8 12.h3 Be6 13.Bg5 c6 14.Qh4 Be7 
15.Bxf6 Bxf6 16.Qxh7+ Kf8 17.Qh8+ Ke7 18.Qh5 Rh8 19.Qf3 Rc8 20.Rfe1 d4 21.
Ne4 Kf8 22.Rad1 Bd5 23.Qg3 Bh4 24.Qd6+ Qxd6 25.Nxd6 Rd8 26.Nb7 Re8 27.Nc5 
Rh5 28.Nd7+ Kg8 29.Rxe8# 1-0

[Event "Schachzwerge Magdeburg-SchVgg Blankenese von 1923"]
[Site "?"]
[Date "2024.09.08"]
[Round "3.3"]
[White "Du, Vivian"]
[Black "Litvinchuk, Mariia"]
[Result "1-0"]
[WhiteElo "600"]
[BlackElo "957"]
[Board "3"]
[WhiteTeam "SchVgg Blankenese von 1923"]
[BlackTeam "Schachzwerge Magdeburg"]
[Annotator "Rnd./Pair./Board: 03.002.03"]

1.e4 e5 2.Nf3 Nc6 3.Bc4 Bc5 4.Nc3 Nf6 5.O-O d6 6.d3 h6 7.h3 Be6 8.Nd5 Nb4 
9.Nxb4 Bxb4 10.Bxe6 fxe6 11.c3 Ba5 12.Be3 Qe7 13.Qa4+ Qd7 14.Qxa5 g5 15.
Nd2 g4 16.h4 d5 17.exd5 Qxd5 18.Qxd5 Nxd5 19.Rfe1 O-O-O 20.d4 Nxe3 21.fxe3
Rd5 22.e4 Rd7 23.Nb3 Rf8 24.Rf1 Rf4 25.dxe5 Rxe4 26.Nc5 Rxe5 27.Nxd7 Kxd7 
28.Rad1+ Kc6 29.Rfe1 Rxe1+ 30.Rxe1 Kd6 31.Rf1 c5 32.Rf7 Kc6 33.Rf6 Kd6 34.
Rxh6 b5 35.Rg6 b4 36.cxb4 cxb4 37.Rxg4 a5 38.h5 Kc5 39.h6 Kb5 40.h7 a4 41.
h8=Q a3 42.bxa3 bxa3 43.Qc3 e5 44.Rb4+ Ka5 45.Qxa3# 1-0

[Event "Schachzwerge Magdeburg-SchVgg Blankenese von 1923"]
[Site "?"]
[Date "2024.09.08"]
[Round "3.4"]
[White "Lahne, Frida"]
[Black "Polster, Maike"]
[Result "1-0"]
[WhiteElo "865"]
[BlackElo "810"]
[Board "4"]
[WhiteTeam "Schachzwerge Magdeburg"]
[BlackTeam "SchVgg Blankenese von 1923"]
[Annotator "Rnd./Pair./Board: 03.002.04"]

1.e4 e5 2.Nf3 Nc6 3.Bc4 Bc5 4.Nc3 Nf6 5.d3 d6 6.a3 O-O 7.Bg5 h6 8.Bh4 Bg4 
9.h3 Bh5 10.Qd2 a6 11.O-O-O Nd4 12.g4 Nxf3 13.Bxf6 Qxf6 14.Qe2 Qf4+ 15.Kb1
Bg6 16.Nd5 Nd4 17.Nxf4 Nxe2 18.Nxe2 Bxf2 19.Nc3 h5 20.Nd5 Rfe8 21.Nxc7 b5 
22.Nxa8 Rxa8 23.Bd5 Rc8 24.Rdf1 Bd4 25.Rf3 Rb8 26.Rhf1 Rf8 27.c3 Bb6 28.c4
Kh7 29.cxb5 axb5 30.g5 h4 31.Rc1 Rd8 32.Rc6 Bh5 33.Rf1 Be2 34.Rxf7 Bxd3+ 
35.Ka1 Bd4 36.Rcc7 Kg6 37.Rxg7+ Kh5 38.Bf7# 1-0

[Event "SC Caissa Falkensee-TSG Oberschöneweide"]
[Site "?"]
[Date "2024.09.08"]
[Round "3.1"]
[Board "1"]
[White "Bayer, Klara"]
[Black "Bathmann, Sanaa Maria"]
[Result "1-0"]
[WhiteElo "1467"]
[BlackElo "802"]
[WhiteTeam "TSG Oberschöneweide"]
[BlackTeam "SC Caissa Falkensee"]
[Annotator "Rnd./Pair./Board: 03.003.01"]

1. d4 d5 2. c4 dxc4 3. Nc3 Nf6 4. Nf3 Nc6 5. Bf4 Bf5 6. a3 e6 7. e3 Ne4 8. Nxe4
Bxe4 9. Bxc4 Bxf3 10. Qxf3 Nxd4 11. exd4 Qxd4 12. Qxb7 Rd8 13. Bb5+ Ke7 14.
Bg5+ f6 15. Qxc7+ Rd7 16. Qxd7+ Qxd7 17. Bxd7 Kxd7 18. Rd1+ Ke7 19. Be3 a5 20.
O-O Kf7 21. Bb6 a4 22. Rd4 Be7 23. Rxa4 Rb8 24. Bd4 e5 25. Bc3 Rb3 26. Ra7 Kg6
27. Rxe7 e4 28. Rxe4 f5 29. Re7 f4 30. Rxg7+ Kh6 31. Rg4 Rxc3 32. bxc3 Kh5 33.
Rxf4 Kg5 34. g3 Kg6 35. Re1 Kg5 36. Re5+ Kg6 37. h4 Kg7 38. Rg5+ Kh8 39. Rf8#
1-0

[Event "SC Caissa Falkensee-TSG Oberschöneweide"]
[Site "?"]
[Date "2024.09.08"]
[Round "3.2"]
[Board "2"]
[White "Dittrich, Aurelia"]
[Black "Ruddat, Maila"]
[Result "0-1"]
[WhiteElo "600"]
[BlackElo "1125"]
[WhiteTeam "SC Caissa Falkensee"]
[BlackTeam "TSG Oberschöneweide"]
[Annotator "Rnd./Pair./Board: 03.003.02"]

1. e4 e5 2. Nf3 Nc6 3. Nc3 Nf6 4. Bc4 Bc5 5. O-O d6 6. h3 h6 7. a3 a6 8. d3 Ba7
9. Re1 g5 10. g4 Be6 11. Bxe6 fxe6 12. Be3 Qe7 13. Bxa7 Nxa7 14. d4 O-O-O 15.
Qd3 Nc6 16. Rad1 exd4 17. Nxd4 Ne5 18. Qe2 Ng6 19. Qe3 Nf4 20. Nde2 e5 21. Kh2
h5 22. Nxf4 gxf4 23. Qa7 hxg4 24. Rd3 gxh3 25. Rxh3 Ng4+ 26. Kg2 Rxh3 27. Kxh3
Nf6 28. Qa8+ Kd7 29. Qxb7 Rg8 30. Qxc7+ Kxc7 31. Nd5+ Nxd5 32. exd5 Qh7# 0-1

[Event "SC Caissa Falkensee-TSG Oberschöneweide"]
[Site "?"]
[Date "2024.09.08"]
[Round "3.3"]
[Board "3"]
[White "Ulianova, Anna"]
[Black "Schellknecht, Johanna Leni"]
[Result "1-0"]
[WhiteElo "1092"]
[BlackElo "600"]
[WhiteTeam "TSG Oberschöneweide"]
[BlackTeam "SC Caissa Falkensee"]
[Annotator "Rnd./Pair./Board: 03.003.03"]

1. e4 e5 2. Nf3 Nc6 3. Bc4 Bc5 4. d3 d6 5. h3 h6 6. c3 Nf6 7. O-O Bd7 8. b4 Bb6
9. Re1 O-O 10. Be3 Re8 11. Qd2 a6 12. Bxh6 g6 13. Qg5 Nh7 14. Qxg6+ Kh8 15.
Qg7# 1-0

[Event "SC Caissa Falkensee-TSG Oberschöneweide"]
[Site "?"]
[Date "2024.09.08"]
[Round "3.4"]
[Board "4"]
[White "Polat, Helin Marie"]
[Black "Rabus, Luise"]
[Result "0-1"]
[WhiteElo "600"]
[BlackElo "997"]
[WhiteTeam "SC Caissa Falkensee"]
[BlackTeam "TSG Oberschöneweide"]
[Annotator "Rnd./Pair./Board: 03.003.04"]

1. e4 c6 2. Nf3 d5 3. exd5 cxd5 4. c4 d4 5. d3 Nc6 6. Be2 e5 7. O-O Nf6 8. Qa4
Bd7 9. Qb3 Rb8 10. Qd1 b5 11. cxb5 Rxb5 12. a4 Rb6 13. h3 Na5 14. Nfd2 Bb4 15.
Nb3 Nxb3 16. Qxb3 Be6 17. Qd1 Nd7 18. a5 Rb5 19. Na3 Rxa5 20. Bf3 Nc5 21. Rb1
Bxa3 22. bxa3 Bf5 23. Re1 Nxd3 24. Re2 Nxf2 25. Rxf2 Bxb1 26. Bc6+ Ke7 27. Qf3
Rf8 28. Qg3 Bg6 29. Qh4+ Kd6 30. Qxd8+ Rxd8 31. Bf3 Rb8 32. Bd2 Rxa3 33. Bb4+
Rxb4 34. g4 a5 35. h4 Rb1+ 36. Kg2 Rc3 37. Kg3 Rc2 38. h5 Bd3 39. Rh2 Rxh2 40.
Kxh2 a4 41. Kg2 a3 42. g5 a2 43. h6 g6 44. Kg3 a1=Q 45. Kh4 Rg1 46. Kh3 Qb2 47.
Bg2 Qxg2+ 48. Kh4 Qg3# 0-1

[Event "SC Weisse Dame-Schachfreunde Hettstedt"]
[Site "?"]
[Date "2024.09.08"]
[Round "3.2"]
[Board "2"]
[White "Andreeva, Katharina"]
[Black "Kolditz, Julia"]
[Result "0-1"]
[WhiteElo "1005"]
[BlackElo "1080"]
[WhiteTeam "SC Weisse Dame"]
[BlackTeam "Schachfreunde Hettstedt"]
[Annotator "Rnd./Pair./Board: 03.004.02"]

1. e4 e5 2. Nf3 Nc6 3. d4 d6 4. Bc4 Bg4 5. Bxf7+ Kxf7 6. Ng5+ Qxg5 7. f3 Bxf3
8. Qxf3+ Qf6 9. Qb3+ Qe6 10. Qf3+ Nf6 11. d5 Qg4 12. Qxg4 Nxg4 13. dxc6 bxc6
14. O-O+ Kg8 15. Bd2 Nf6 16. Nc3 d5 17. exd5 cxd5 18. Rae1 e4 19. Be3 a6 20.
Bd4 Ng4 21. Nxd5 Rd8 22. Rxe4 h5 23. Nxc7 Rc8 24. Nxa6 Rxc2 25. h3 Nf6 26. Ref4
Rh6 27. R4f2 Rc6 28. Nb4 Rc4 29. Be3 Rg6 30. Rf4 Rc7 31. Rc1 Re7 32. Bc5 Re2
33. Rf2 Re5 34. Bxf8 Kxf8 35. Ra1 Kg8 36. Kh1 Ne4 37. Rf3 Reg5 38. Rg1 Nd2 39.
Rf2 Ne4 40. Rf4 Ng3+ 41. Kh2 Ne2 42. h4 Rg3 43. Rff1 Nxg1 44. Rxg1 R6g4 45. Nd5
Rxh4+ 0-1

[Event "SC Weisse Dame-Schachfreunde Hettstedt"]
[Site "?"]
[Date "2024.09.08"]
[Round "3.3"]
[Board "3"]
[White "Römmisch, Mona"]
[Black "Helbig, Frieda"]
[Result "1/2-1/2"]
[WhiteElo "911"]
[BlackElo "983"]
[WhiteTeam "Schachfreunde Hettstedt"]
[BlackTeam "SC Weisse Dame"]
[Annotator "Rnd./Pair./Board: 03.004.03"]

1. e4 e5 2. Nf3 Nc6 3. Bb5 Nf6 4. Nc3 Bb4 5. O-O O-O 6. d3 d6 7. Be3 Bg4 8. h3
Bh5 9. a3 Ba5 10. b4 Bb6 11. Qd2 Nd4 12. Qd1 h6 13. Bc4 a6 14. Bb3 Rc8 15. Nb1
c5 16. Nbd2 Qe7 17. Qc1 Ne2+ 18. Kh1 Nxc1 19. Raxc1 Nd7 20. Bd5 cxb4 21. axb4
Bd8 22. Bxb7 Rb8 23. Bxa6 Rxb4 24. Bc4 Qf6 25. Rg1 Qg6 26. g4 Bxg4 27. Rxg4 Qh5
28. Kh2 Nf6 29. Rh4 Ng4+ 30. Rxg4 1/2-1/2

[Event "SC Weisse Dame-Schachfreunde Hettstedt"]
[Site "?"]
[Date "2024.09.08"]
[Round "3.4"]
[Board "4"]
[White "Dinges, Mara"]
[Black "Ostermann, Philomena"]
[Result "1-0"]
[WhiteElo "752"]
[BlackElo "802"]
[WhiteTeam "SC Weisse Dame"]
[BlackTeam "Schachfreunde Hettstedt"]
[Annotator "Rnd./Pair./Board: 03.004.04"]

1. d4 d5 2. Bf4 Nc6 3. Nc3 Nf6 4. e3
e6 5. Nb5 Rb8 6. Nf3 Bd7 7. Qd3 Nb4 8. Qb3 Bxb5 9. Bxb5+ Nd7 10. Ne5 c6 11.
Nxd7 Rc8 12. Nxf8 cxb5 13. Qxb4 a6 14. Rc1 a5 15. Qxb5+ Kxf8 16. c4 b6 17. c5
bxc5 18. dxc5 Qe8 19. c6 Rd8 20. Qxa5 Ra8 21. Qc5+ Qe7 22. Bd6 g6 23. Bxe7+ Kg7
24. Qd4+ Kg8 25. Qh4 Ra6 26. Qh6 Ra8 27. Bf6 Rxa2 28. Qg7# 1-0

[Event "SV "Eintracht" Tangerhütte-Hamburger SK von 1830"]
[Site "?"]
[Date "2024.09.08"]
[Round "3.1"]
[Board "1"]
[White "Gröning, Sophie Marie"]
[Black "Kasten, Luna Seraphine"]
[Result "0-1"]
[WhiteElo "600"]
[BlackElo "956"]
[WhiteTeam "Hamburger SK von 1830"]
[BlackTeam "SV "Eintracht" Tangerhütte"]
[Annotator "Rnd./Pair./Board: 03.005.01"]

1. e4 d5 2. d3 Nf6 3. Nc3 d4 4. Nce2
Nc6 5. Bf4 e5 6. Bg3 Bd6 7. Nf3 O-O 8. Bh4 Bg4 9. h3 Be6 10. Qd2 h6 11. Ng5 Be7
12. f4 Nh5 13. g4 hxg5 14. Bxg5 Bxg5 15. fxg5 Nf4 16. Nxf4 exf4 17. Qxf4 Nb4
18. O-O-O Nxa2+ 19. Kd2 c6 20. Re1 Qa5+ 21. Ke2 f6 22. gxf6 Rxf6 23. Qd6 Bxg4+
24. hxg4 Rxd6 25. Bg2 Rf8 26. Rhf1 Rxf1 27. Rxf1 Nb4 28. Kd2 Nd5+ 29. c3 dxc3+
30. Kc2 Ne3+ 31. Kb3 Nxg2 32. Rf5 Qb6+ 33. Kxc3 Ne3 34. e5 Qd4+ 35. Kd2 Nc4+
36. Kc2 Qxd3+ 37. Kc1 Qd1# 0-1

[Event "SV "Eintracht" Tangerhütte-Hamburger SK von 1830"]
[Site "?"]
[Date "2024.09.08"]
[Round "3.2"]
[Board "2"]
[White "Börner, Martha"]
[Black "Wartenberg, Adelia"]
[Result "1-0"]
[WhiteElo "1128"]
[BlackElo "810"]
[WhiteTeam "SV "Eintracht" Tangerhütte"]
[BlackTeam "Hamburger SK von 1830"]
[Annotator "Rnd./Pair./Board: 03.005.02"]

1. e4 e5 2. Nf3 Nc6 3. Bb5 Bc5 4. Nc3 a6 5. Bxc6 dxc6 6. O-O Qf6 7. d3 Qg6 8.
Nxe5 Qf6 9. d4 Bd6 10. f4 Bxe5 11. fxe5 Qg6 12. Qf3 Be6 13. d5 Nh6 14. dxe6
fxe6 15. Bxh6 gxh6 16. Qf6 Qg8 17. Rad1 h5 18. Ne2 Qf8 19. Qxe6+ Qe7 20. Nf4
Qxe6 21. Nxe6 Ke7 22. Nc5 b6 23. Nb3 Rag8 24. Nd4 Rg6 25. e6 Rhg8 26. Rf7+ Kd6
27. Nf3+ Kc5 28. Rf5+ Kc4 29. Nh4 Rg4 30. b3+ Kc3 31. Kf2 Kxc2 32. Re1 Rxh4 33.
Re2+ Kd1 1-0

[Event "SV "Eintracht" Tangerhütte-Hamburger SK von 1830"]
[Site "?"]
[Date "2024.09.08"]
[Round "3.3"]
[Board "3"]
[White "Hitz, Junah"]
[Black "Schönfeld, Emily"]
[Result "0-1"]
[WhiteElo "600"]
[BlackElo "860"]
[WhiteTeam "Hamburger SK von 1830"]
[BlackTeam "SV "Eintracht" Tangerhütte"]
[Annotator "Rnd./Pair./Board: 03.005.03"]

1. e4 e6 2. Bc4 Bc5 3. e5 Qh4 4. Nh3 d6 5. g3 Qxc4 6. d3 Qd4 7. Be3 Qd5 8. d4
Qxh1+ 9. Ke2 Qxh2 10. Nf4 Bb6 11. Nc3 Bd7 12. d5 dxe5 13. dxe6 fxe6 14. Nd3 Nf6
15. Nxe5 Ng4 16. Nxg4 Qh5 17. f3 Bc6 18. Ke1 Qh1+ 19. Ke2 Qxf3+ 20. Ke1 Qxg3+
21. Nf2 Qxe3+ 22. Kf1 Qxf2# 0-1

[Event "SV "Eintracht" Tangerhütte-Hamburger SK von 1830"]
[Site "?"]
[Date "2024.09.08"]
[Round "3.4"]
[Board "4"]
[White "Trommershausen, Charlotte"]
[Black "Paradkar, Diya"]
[Result "0-1"]
[WhiteElo "757"]
[BlackElo "600"]
[WhiteTeam "SV "Eintracht" Tangerhütte"]
[BlackTeam "Hamburger SK von 1830"]
[Annotator "Rnd./Pair./Board: 03.005.04"]

1. c3 e5 2. e3 d5 3. e4 Nf6 4. exd5 Nxd5 5. c4 Nb6 6. c5 Bxc5 7. Bc4 Nxc4 8.
Nf3 Nc6 9. Ng5 Qxg5 10. h4 Qxg2 11. Rf1 Bh3 12. d4 Qxf1# 0-1

[Event "SV Hellas Nauen-Elmshorner SC von 1896"]
[Site "?"]
[Date "2024.09.08"]
[Round "3.1"]
[Board "1"]
[White "Vasilieva, Sophie Victoria"]
[Black "Pygoch, Lene"]
[Result "0-1"]
[WhiteElo "1009"]
[BlackElo "910"]
[WhiteTeam "Elmshorner SC von 1896"]
[BlackTeam "SV Hellas Nauen"]
[Annotator "Rnd./Pair./Board: 03.006.01"]

1. d4 d5 2. Nf3 Nf6 3. Bf4 Bf5 4. e3 e6 5. Bd3 Bxd3 6. Qxd3 Bd6 7. Ne5 Nc6 8.
Qb5 a6 9. Qxb7 Na5 10. Qxa8 Qxa8 11. O-O O-O 12. Nd2 Ne4 13. Nxe4 dxe4 14. f3
Rb8 15. Rab1 h6 16. a3 Bxe5 17. Bxe5 Rc8 18. b4 Nc4 19. Rb3 Nd2 20. Rc3 Nxf1
21. Kxf1 exf3 22. gxf3 Qxf3+ 23. Kg1 Qd1+ 24. Kf2 Qd2+ 25. Kf3 Qxc3 26. h4 f6
27. Bg3 Rd8 28. Bh2 Rxd4 29. Bg1 Rd1 30. Bf2 Qd2 31. Bg3 Rf1+ 32. Ke4 Qd5# 0-1

[Event "SV Hellas Nauen-Elmshorner SC von 1896"]
[Site "?"]
[Date "2024.09.08"]
[Round "3.2"]
[Board "2"]
[White "Kuhfeldt, Isabell"]
[Black "Hirtzel, Hanna Meiki"]
[Result "0-1"]
[WhiteElo "871"]
[BlackElo "1013"]
[WhiteTeam "SV Hellas Nauen"]
[BlackTeam "Elmshorner SC von 1896"]
[Annotator "Rnd./Pair./Board: 03.006.02"]

1. e4 d5 2. exd5 Qxd5 3. Nc3 Qa5 4. d4 c6 5. Bd3 Nf6 6. Bf4 Bg4 7. Nf3 e6 8.
O-O Bb4 9. Re1 Bxc3 10. bxc3 Qxc3 11. Rb1 b5 12. h3 Bh5 13. Be2 O-O 14. Ne5
Bxe2 15. Qxe2 Qxd4 16. Red1 Qxf4 17. Nd3 Qg5 18. f4 Qg3 19. Qf1 Nd5 20. f5 Ne3
21. Qf3 Qxf3 22. gxf3 Nxd1 23. Rxd1 Rd8 24. Nf2 Rxd1+ 25. Nxd1 c5 26. fxe6 fxe6
27. Ne3 Nc6 28. f4 b4 29. Nc4 Nd4 30. Ne5 Nxc2 31. Nd3 c4 32. Nc5 Rc8 33. Nxe6
b3 34. axb3 cxb3 35. h4 b2 36. h5 Re8 37. Nc7 Re2 38. Kf1 Nd4 39. h6 b1=Q# 0-1

[Event "SV Hellas Nauen-Elmshorner SC von 1896"]
[Site "?"]
[Date "2024.09.08"]
[Round "3.3"]
[Board "3"]
[White "Hirtzel, Amelie Meiyan"]
[Black "Glaubitz, Alina"]
[Result "0-1"]
[WhiteElo "882"]
[BlackElo "772"]
[WhiteTeam "Elmshorner SC von 1896"]
[BlackTeam "SV Hellas Nauen"]
[Annotator "Rnd./Pair./Board: 03.006.03"]

1. d4 d5 2. c4 c6 3. Nc3 Nf6 4. Bf4 Bf5 5. e3 e6 6. Bd3 Bxd3 7. Qxd3 Bd6 8.
Bxd6 Qxd6 9. Nf3 O-O 10. O-O Re8 11. h3 Nbd7 12. cxd5 cxd5 13. Rac1 Rac8 14.
Rfe1 Nf8 15. a3 Ng6 16. b4 h6 17. Nb5 Qa6 18. Rxc8 Rxc8 19. Rd1 Ne4 20. Nd2 Rc3
21. Qe2 Rxa3 22. Nxe4 dxe4 23. Rc1 b6 24. Rc7 Ra1+ 25. Kh2 Qa2 26. Qxa2 Rxa2
27. Nc3 Rc2 28. g4 a5 29. bxa5 bxa5 30. Kg3 a4 31. Rc8+ Kh7 32. Rc5 Rc1 33. h4
a3 34. h5 Ne7 35. f4 a2 36. Ra5 a1=Q 37. Rxa1 Rxa1 38. Nxe4 Rg1+ 39. Kf3 g6 40.
Nf6+ Kg7 41. Ne8+ Kf8 42. Nf6 gxh5 43. Nxh5 f5 44. gxf5 Nxf5 45. Ke4 Re1 46.
Nf6 Rxe3# 0-1

[Event "SV Hellas Nauen-Elmshorner SC von 1896"]
[Site "?"]
[Date "2024.09.08"]
[Round "3.4"]
[Board "4"]
[White "Krafft, Emilia"]
[Black "Jafari, Morssal"]
[Result "0-1"]
[WhiteElo "600"]
[BlackElo "780"]
[WhiteTeam "SV Hellas Nauen"]
[BlackTeam "Elmshorner SC von 1896"]
[Annotator "Rnd./Pair./Board: 03.006.04"]

1. e4 d5 2. d3 Nf6 3. Nc3 Bg4 4. f3 Bd7 5. Nge2 e6 6. exd5 exd5 7. Bg5 Be7 8.
a4 O-O 9. Nf4 Bf5 10. Be2 h6 11. Bh4 Bd6 12. O-O Bxf4 13. d4 Be3+ 14. Bf2 Bf4
15. Bb5 c6 16. Be2 Qe7 17. Bh4 Be3+ 18. Kh1 Re8 19. f4 c5 20. dxc5 Nc6 21. Nb5
Rad8 22. Nxa7 Nxa7 23. Bb5 Nxb5 24. axb5 Bxc5 25. Re1 Qd6 26. Rxe8+ Rxe8 27. c3
d4 28. Ra6 bxa6 29. bxa6 Qxa6 30. cxd4 Bg4 31. dxc5 Bxd1 32. b4 Qf1# 0-1

[Event "SV "Glück auf" Rüdersdorf-VfL Gräfenhainichen"]
[Site "?"]
[Date "2024.09.08"]
[Round "3.1"]
[Board "1"]
[White "Kuhlmann, Naya"]
[Black "Niehusen, Lia Florentine"]
[Result "1/2-1/2"]
[WhiteElo "1236"]
[BlackElo "940"]
[WhiteTeam "VfL Gräfenhainichen"]
[BlackTeam "SV "Glück auf" Rüdersdorf"]
[Annotator "Rnd./Pair./Board: 03.007.01"]

1. e4 e5 2. Nf3 Nc6 3. Nc3 Nf6 4. Bb5
Bb4 5. Bxc6 dxc6 6. a3 Bxc3 7. bxc3 Be6 8. d3 h6 9. Nxe5 O-O 10. Rb1 Rb8 11.
Be3 Qd6 12. Nf3 b6 13. Qc1 Rbd8 14. O-O Nh5 15. Re1 f5 16. Rd1 f4 17. Bd2 Bc8
18. e5 Qg6 19. Nh4 Qg5 20. Nf3 Qf5 21. d4 c5 22. Nh4 Qe4 23. Re1 Qc6 24. Qd1
Nf6 25. exf6 Rxf6 26. Qf3 Bb7 27. h3 1/2-1/2

[Event "SV "Glück auf" Rüdersdorf-VfL Gräfenhainichen"]
[Site "?"]
[Date "2024.09.08"]
[Round "3.2"]
[Board "2"]
[White "Knetsch, Victoria"]
[Black "Schmegel, Alina"]
[Result "1-0"]
[WhiteElo "860"]
[BlackElo "931"]
[WhiteTeam "SV "Glück auf" Rüdersdorf"]
[BlackTeam "VfL Gräfenhainichen"]
[Annotator "Rnd./Pair./Board: 03.007.02"]

1. d4 d5 2. c4 Nf6 3. Nc3 e6 4. Bg5 Bb4 5. a3 Ba5 6. b4 h6 7. Bh4 Nc6 8. bxa5
Nxa5 9. e3 dxc4 10. Nf3 O-O 11. Be2 Bd7 12. O-O Nb3 13. Rb1 c5 14. Bxc4 Na5 15.
Bd3 cxd4 16. exd4 Rc8 17. Ne2 a6 18. Bc2 b5 19. Qd3 Re8 20. Ne5 Bc6 21. Qg3 Bb7
22. Rfc1 Nh5 23. Qg4 Nf6 24. Qg3 Nc4 25. Nf4 Nxa3 26. Rb2 a5 27. Ng4 Nh5 28.
Nxh5 Qxd4 29. Ngf6+ Kf8 30. Nh7+ Kg8 31. Bf6 Qxf6 32. N5xf6+ Kh8 33. Nh5 Rg8
34. Qxa3 Be4 35. Qxa5 Bxh7 36. Qa7 Bg6 37. Ng3 b4 38. Rbb1 Bxc2 39. Rxb4 Rgd8
40. Nh5 Rd1+ 41. Rxd1 Bxd1 42. h3 Bxh5 43. Qd7 Rc1+ 44. Kh2 Rd1 45. Qc7 Rd2 46.
Rb7 Kg8 47. Qg3 e5 48. Qxe5 Rxf2 49. Qe4 Re2 50. Rb8# 1-0

[Event "SV "Glück auf" Rüdersdorf-VfL Gräfenhainichen"]
[Site "?"]
[Date "2024.09.08"]
[Round "3.3"]
[Board "3"]
[White "Strahl, Nele"]
[Black "Heimann, Emilia"]
[Result "1-0"]
[WhiteElo "964"]
[BlackElo "600"]
[WhiteTeam "VfL Gräfenhainichen"]
[BlackTeam "SV "Glück auf" Rüdersdorf"]
[Annotator "Rnd./Pair./Board: 03.007.03"]

1. e4 e5 2. Nf3 Nc6 3. Nc3 Nf6 4. Bc4
Nxe4 5. Nxe4 d5 6. Bxd5 Qxd5 7. Nc3 Qd8 8. d3 Bc5 9. O-O O-O 10. Re1 Re8 11.
Be3 Bb6 12. d4 Be6 13. d5 Bxd5 14. Nxd5 Ba5 15. c3 Ne7 16. Bg5 f6 17. Bxf6 c6
18. Nxe7+ Rxe7 19. Bxe7 Qxe7 20. Rxe5 Qc7 21. Qb3+ Kf8 22. Rae1 Qd8 23. Ng5
Qxg5 24. Rxg5 g6 25. Qe6 Bc7 26. Qf6+ Kg8 27. Re7 Bd8 28. Qg7# 1-0

[Event "SV "Glück auf" Rüdersdorf-VfL Gräfenhainichen"]
[Site "?"]
[Date "2024.09.08"]
[Round "3.4"]
[Board "4"]
[White "Krüger, Anna"]
[Black "Philipp, Elaina"]
[Result "1/2-1/2"]
[WhiteElo "726"]
[BlackElo "879"]
[WhiteTeam "SV "Glück auf" Rüdersdorf"]
[BlackTeam "VfL Gräfenhainichen"]
[Annotator "Rnd./Pair./Board: 03.007.04"]

1. e4 e5 2. Nf3 Nc6 3. Bc4 Nf6 4. O-O Bc5 5. h3 d6 6. d3 h6 7. Be3 Be6 8. Nc3
O-O 9. d4 Bb6 10. Bb3 Bxb3 11. axb3 Re8 12. Nd5 Nxe4 13. Nxb6 axb6 14. dxe5
dxe5 15. Qe1 Rxa1 16. Qxa1 Qa8 17. Qe1 Qd8 18. Qe2 Qd7 19. Re1 Nf6 20. Qc4 Qd5
21. Qe2 Nd4 22. Nxd4 exd4 1/2-1/2